[Event "MCR_CF10"]
[Site "?"]
[Date "2006.??.??"]
[Round "?"]
[White "Celbr, Rudolf"]
[Black "Cvak, Rudolf"]
[Result "1/2-1/2"]
[WhiteElo "2090"]
[BlackElo "2140"]
[PlyCount "47"]
[EventDate "2006.??.??"]
[EventType "corr"]
[EventRounds "2"]
[SourceDate "2006.08.10"]

1. c4 Nf6 2. Nc3 g6 3. d4 Bg7 4. e4 d6 5. Nf3 O-O 6. Be2 e5 7. O-O exd4 8. Nxd4
Re8 9. f3 Nc6 10. Be3 Nh5 11. f4 Nf6 12. Nxc6 bxc6 13. Bf3 Nxe4 14. Nxe4 Bf5
15. Nxd6 cxd6 16. Qd2 Rb8 17. Bd4 Be4 18. Bxg7 Kxg7 19. b3 d5 20. Bxe4 Rxe4 21.
cxd5 Qxd5 22. Qc3+ Qd4+ 23. Qxd4+ Rxd4 24. Rad1 1/2-1/2

[Event "MCR_CF10"]
[Site "?"]
[Date "2006.??.??"]
[Round "?"]
[White "Cvak, Rudolf"]
[Black "Celbr, Rudolf"]
[Result "1-0"]
[WhiteElo "2140"]
[BlackElo "2090"]
[PlyCount "49"]
[EventDate "2006.??.??"]
[EventType "corr"]
[EventRounds "2"]
[SourceDate "2006.08.10"]

1. e4 c5 2. Nf3 e6 3. d4 cxd4 4. Nxd4 Nf6 5. Nc3 Nc6 6. Ndb5 d6 7. Bf4 e5 8.
Bg5 a6 9. Na3 b5 10. Bxf6 gxf6 11. Nd5 f5 12. Bxb5 axb5 13. Nxb5 Ra4 14. b4
Rxb4 15. Nbc7+ Kd7 16. O-O Rb7 17. Qh5 Ne7 18. Qxf7 Rxc7 19. Nb6+ Kc6 20. Rab1
Ba6 21. Qb3 h5 22. Qa4+ Kb7 23. Nd5+ Ka7 24. Rb6 Qc8 25. Nxc7 1-0

[Event "MCR_CF10"]
[Site "?"]
[Date "2006.??.??"]
[Round "?"]
[White "Cvak, Rudolf"]
[Black "Kudr, Roman"]
[Result "1-0"]
[WhiteElo "2140"]
[BlackElo "2163"]
[PlyCount "47"]
[EventDate "2006.??.??"]
[EventType "corr"]
[EventRounds "2"]
[SourceDate "2006.08.10"]

1. e4 c6 2. d4 d5 3. e5 Bf5 4. Nc3 Qa5 5. Nf3 e6 6. Be2 Be7 7. O-O Nd7 8. Bd2
Qc7 9. Re1 O-O-O 10. b4 Bg4 11. b5 c5 12. b6 Qxb6 13. Rb1 Qc7 14. Nb5 Qb8 15.
Bg5 f6 16. Bf4 Bxf3 17. Bxf3 fxe5 18. Rxe5 Bd6 19. Nxd6+ Qxd6 20. dxc5 Qxc5 21.
Rxe6 Ngf6 22. c4 Ne4 23. Bxe4 dxe4 24. Qb3 1-0

[Event "MCR_CF10"]
[Site "?"]
[Date "2006.??.??"]
[Round "?"]
[White "Cvak, Rudolf"]
[Black "Sindelar, Frantisek"]
[Result "1-0"]
[WhiteElo "2140"]
[BlackElo "2068"]
[PlyCount "45"]
[EventDate "2006.??.??"]
[EventType "corr"]
[EventRounds "2"]
[SourceDate "2006.08.10"]

1. e4 e6 2. d4 d5 3. e5 c5 4. Nc3 cxd4 5. Nb5 Nc6 6. Nf3 Bb4+ 7. Bd2 Bc5 8. a3
Nge7 9. Bd3 Ng6 10. O-O Qb6 11. a4 a5 12. Qe2 Bd7 13. c3 dxc3 14. bxc3 O-O 15.
Rab1 Qd8 16. Rfe1 Na7 17. Nbd4 b6 18. h4 Bxa4 19. Ng5 Be8 20. h5 h6 21. hxg6
hxg5 22. Nxe6 fxe6 23. Qh5 1-0

[Event "MCR_CF10"]
[Site "?"]
[Date "2006.??.??"]
[Round "?"]
[White "Sindelar, Frantisek"]
[Black "Kudr, Roman"]
[Result "1/2-1/2"]
[WhiteElo "2068"]
[BlackElo "2163"]
[PlyCount "53"]
[EventDate "2006.??.??"]
[EventType "corr"]
[EventRounds "2"]
[SourceDate "2006.08.10"]

1. d4 d5 2. c4 c6 3. cxd5 cxd5 4. Nc3 Nf6 5. Bg5 Nc6 6. Bxf6 exf6 7. e3 Be6 8.
Qb3 Qd7 9. Rc1 Bd6 10. Nf3 O-O 11. Bd3 Rac8 12. O-O a6 13. a3 Rfe8 14. Qc2 f5
15. Qe2 f4 16. Qc2 g6 17. e4 dxe4 18. Bxe4 Na5 19. Rfe1 b5 20. Nd2 b4 21. axb4
Bxb4 22. d5 Bxc3 23. dxe6 Qxd2 24. exf7+ Kxf7 25. bxc3 Qxc2 26. Rxc2 Rc5 27.
Ra2 1/2-1/2

[Event "MCR_CF10"]
[Site "?"]
[Date "2006.??.??"]
[Round "?"]
[White "Kudr, Roman"]
[Black "Sindelar, Frantisek"]
[Result "1-0"]
[WhiteElo "2163"]
[BlackElo "2068"]
[PlyCount "53"]
[EventDate "2006.??.??"]
[EventType "corr"]
[EventRounds "2"]
[SourceDate "2006.08.10"]

1. d4 d5 2. Nf3 e6 3. c4 dxc4 4. e3 Nf6 5. Bxc4 c5 6. Qe2 Nc6 7. O-O cxd4 8.
exd4 Nxd4 9. Nxd4 Qxd4 10. Rd1 Qb6 11. Bb5+ Bd7 12. Bxd7+ Nxd7 13. Nc3 Rc8 14.
Be3 Qa5 15. Nb5 a6 16. Na7 Rc7 17. Rac1 Bc5 18. Bf4 e5 19. Bxe5 Bxf2+ 20. Kf1
Nxe5 21. Nb5 O-O 22. Rxc7 Bb6 23. Rxb7 Ng6 24. b4 Qxb4 25. Rxb6 Nf4 26. Qc2
axb5 27. Rb1 1-0

[Event "MCR_CF10"]
[Site "?"]
[Date "2006.??.??"]
[Round "?"]
[White "Kudr, Roman"]
[Black "Goc, Pavel"]
[Result "1-0"]
[WhiteElo "2163"]
[BlackElo "2106"]
[PlyCount "46"]
[EventDate "2006.??.??"]
[EventType "corr"]
[EventRounds "2"]
[SourceDate "2006.08.10"]

1. d4 Nf6 2. c4 e6 3. Nc3 Bb4 4. Qc2 O-O 5. a3 Bxc3+ 6. Qxc3 b6 7. Bg5 c5 8.
dxc5 bxc5 9. e3 d6 10. Bd3 Nbd7 11. Ne2 Rb8 12. Rd1 Qb6 13. Rd2 d5 14. cxd5
exd5 15. O-O Ba6 16. Bf5 g6 17. Bxd7 Ne4 18. Qe5 Nxd2 19. Bh6 f6 20. Qe7 Rf7
21. Be6 Qxe6 22. Qxe6 Bxe2 23. Re1 Bc4 1-0

[Event "MCR_CF10"]
[Site "?"]
[Date "2006.??.??"]
[Round "?"]
[White "Goc, Pavel"]
[Black "Kudr, Roman"]
[Result "1/2-1/2"]
[WhiteElo "2106"]
[BlackElo "2163"]
[PlyCount "41"]
[EventDate "2006.??.??"]
[EventType "corr"]
[EventRounds "2"]
[SourceDate "2006.08.10"]

1. e4 c6 2. d4 d5 3. Nc3 dxe4 4. Nxe4 Nd7 5. Nf3 Ngf6 6. Ng3 g6 7. Bd3 Bg7 8.
c3 O-O 9. O-O c5 10. Be3 Nd5 11. Qb3 N7b6 12. Rad1 Be6 13. Qc2 c4 14. Be4 f5
15. Ng5 Nxe3 16. fxe3 Bc8 17. Bf3 e5 18. Nh3 Bh6 19. dxe5 Bxe3+ 20. Kh1 Qe7 21.
Rfe1 1/2-1/2

[Event "MCR_CF10"]
[Site "?"]
[Date "2006.??.??"]
[Round "?"]
[White "Cvak, Rudolf"]
[Black "Goc, Pavel"]
[Result "1/2-1/2"]
[WhiteElo "2140"]
[BlackElo "2106"]
[PlyCount "53"]
[EventDate "2006.??.??"]
[EventType "corr"]
[EventRounds "2"]
[SourceDate "2006.08.10"]

1. e4 e5 2. Nc3 Nc6 3. Bc4 Nf6 4. d3 Bb4 5. Nf3 d5 6. exd5 Nxd5 7. O-O Bxc3 8.
bxc3 Bg4 9. Bd2 O-O 10. h3 Bh5 11. Rb1 Nb6 12. Bb3 e4 13. dxe4 Ne5 14. g4 Bxg4
15. hxg4 Nxf3+ 16. Qxf3 Qxd2 17. Kg2 Qg5 18. Rh1 Rae8 19. Rxh7 Kxh7 20. Rh1+
Kg8 21. Qh3 Qh6 22. Qf3 Qc6 23. Qh3 Qxe4+ 24. f3 Qe2+ 25. Kg3 Qe5+ 26. Kg2 Qe2+
27. Kg3 1/2-1/2

[Event "MCR_CF10"]
[Site "?"]
[Date "2006.??.??"]
[Round "?"]
[White "Goc, Pavel"]
[Black "Cvak, Rudolf"]
[Result "1/2-1/2"]
[WhiteElo "2106"]
[BlackElo "2140"]
[PlyCount "41"]
[EventDate "2006.??.??"]
[EventType "corr"]
[EventRounds "2"]
[SourceDate "2006.08.10"]

1. e4 c5 2. Nf3 d6 3. d4 cxd4 4. Nxd4 Nf6 5. Nc3 g6 6. Be3 Bg7 7. f3 O-O 8. Qd2
Nc6 9. O-O-O d5 10. exd5 Nxd5 11. Nxc6 bxc6 12. Bd4 e5 13. Bc5 Be6 14. Ne4 Re8
15. h4 h5 16. g4 Nf4 17. Qe1 Qb8 18. gxh5 Nxh5 19. Bh3 f5 20. Nd6 Rd8 21. Rg1
1/2-1/2

[Event "MCR_CF10"]
[Site "?"]
[Date "2006.??.??"]
[Round "?"]
[White "Jurci, Peter"]
[Black "Sindelar, Frantisek"]
[Result "1-0"]
[WhiteElo "2054"]
[BlackElo "2068"]
[PlyCount "46"]
[EventDate "2006.??.??"]
[EventType "corr"]
[EventRounds "2"]
[SourceDate "2006.08.10"]

1. d4 d5 2. c4 dxc4 3. Nf3 b5 4. a4 c6 5. e3 Nf6 6. axb5 cxb5 7. b3 a5 8. bxc4
b4 9. Ne5 e6 10. c5 Bd7 11. Nxd7 Qxd7 12. Nd2 Nd5 13. Nc4 Nc6 14. Bb2 f5 15.
Qa4 Kd8 16. Bd3 Be7 17. O-O Kc7 18. Rfc1 Rhb8 19. e4 fxe4 20. Bxe4 Qe8 21. Bxh7
Nf4 22. Qd1 g6 23. Qf3 Qf8 1-0

[Event "MCR_CF10"]
[Site "?"]
[Date "2006.??.??"]
[Round "?"]
[White "Sindelar, Frantisek"]
[Black "Mazal, Petr"]
[Result "1-0"]
[WhiteElo "2068"]
[BlackElo "2074"]
[PlyCount "53"]
[EventDate "2006.??.??"]
[EventType "corr"]
[EventRounds "2"]
[SourceDate "2006.08.10"]

1. d4 d5 2. c4 e6 3. e3 dxc4 4. Bxc4 Nf6 5. Nf3 c5 6. O-O a6 7. dxc5 Qxd1 8.
Rxd1 Bxc5 9. a3 b5 10. Be2 Bb7 11. b4 Be7 12. Bb2 Nbd7 13. Nbd2 O-O 14. Rac1
Rac8 15. Bd3 Nd5 16. Bc2 h6 17. Nd4 Rfd8 18. h3 N7b6 19. Bb3 Nxe3 20. Rxc8 Rxc8
21. fxe3 Bf6 22. Kf2 h5 23. e4 h4 24. Ba1 Nc4 25. Nxc4 bxc4 26. Bc2 Rd8 27. Bc3
1-0

[Event "MCR_CF10"]
[Site "?"]
[Date "2006.??.??"]
[Round "?"]
[White "Sindelar, Frantisek"]
[Black "Jurci, Peter"]
[Result "1-0"]
[WhiteElo "2068"]
[BlackElo "2054"]
[PlyCount "49"]
[EventDate "2006.??.??"]
[EventType "corr"]
[EventRounds "2"]
[SourceDate "2006.08.10"]

1. d4 Nf6 2. c4 g6 3. Nc3 Bg7 4. e4 d6 5. Bd3 O-O 6. Nf3 Bg4 7. Be3 Nc6 8. Be2
e5 9. d5 Ne7 10. O-O Nd7 11. Qb3 Bxf3 12. Bxf3 b6 13. Be2 f5 14. f3 f4 15. Bf2
g5 16. Qc2 Ng6 17. b4 a5 18. a3 axb4 19. axb4 Qe7 20. Ra2 Rxa2 21. Qxa2 Rc8 22.
Ra1 Nf6 23. Nb5 Ne8 24. Na7 Ra8 25. Nc6 1-0

[Event "MCR_CF10"]
[Site "?"]
[Date "2006.??.??"]
[Round "?"]
[White "Sindelar, Frantisek"]
[Black "Cvak, Rudolf"]
[Result "0-1"]
[WhiteElo "2068"]
[BlackElo "2140"]
[PlyCount "76"]
[EventDate "2006.??.??"]
[EventType "corr"]
[EventRounds "2"]
[SourceDate "2006.08.10"]

1. d4 Nf6 2. c4 g6 3. Nc3 Bg7 4. e4 d6 5. Nf3 O-O 6. Be2 e5 7. dxe5 dxe5 8. Bg5
Nbd7 9. O-O c6 10. Qd6 h6 11. Be3 Re8 12. h3 Bf8 13. Qd3 Nc5 14. Qc2 Qc7 15.
Rfd1 a5 16. Rd2 Be6 17. Rad1 a4 18. Bf1 Nfd7 19. Nd5 Qd8 20. Be2 Nxe4 21. Qxe4
f5 22. Qh4 cxd5 23. cxd5 Bf7 24. Qxd8 Rexd8 25. Rc2 g5 26. Bc4 f4 27. Bc1 e4
28. Ne1 Nb6 29. b3 axb3 30. Bxb3 Bxd5 31. Bxd5+ Rxd5 32. Rxd5 Nxd5 33. a3 b5
34. Rd2 Nc3 35. Bb2 Na4 36. Bc1 Nb6 37. Nc2 Rc8 38. Kf1 Na4 0-1

[Event "MCR_CF10"]
[Site "?"]
[Date "2006.??.??"]
[Round "?"]
[White "Mazal, Petr"]
[Black "Cvak, Rudolf"]
[Result "1/2-1/2"]
[WhiteElo "2074"]
[BlackElo "2140"]
[PlyCount "58"]
[EventDate "2006.??.??"]
[EventType "corr"]
[EventRounds "2"]
[SourceDate "2006.08.10"]

1. e4 c5 2. Nf3 d6 3. d4 cxd4 4. Nxd4 Nf6 5. Nc3 g6 6. Be3 Bg7 7. f3 O-O 8. Qd2
Nc6 9. O-O-O d5 10. exd5 Nxd5 11. Nxc6 bxc6 12. Nxd5 cxd5 13. Qxd5 Qc7 14. Qc5
Qb7 15. Qa3 Bf5 16. Bd3 Rab8 17. b3 Qc6 18. Bc4 Qf6 19. Kd2 Bxc2 20. Rc1 Bf5
21. Ke2 e5 22. Qa6 Qh4 23. g3 Qh3 24. Kf2 Rbc8 25. Bf1 Rxc1 26. Bxc1 Qh5 27.
Be3 Bc8 28. Bc4 Be6 29. Bd3 Qh3 1/2-1/2

[Event "MCR_CF10"]
[Site "?"]
[Date "2006.??.??"]
[Round "?"]
[White "Kudr, Roman"]
[Black "Cvak, Rudolf"]
[Result "1/2-1/2"]
[WhiteElo "2163"]
[BlackElo "2140"]
[PlyCount "87"]
[EventDate "2006.??.??"]
[EventType "corr"]
[EventRounds "2"]
[SourceDate "2006.08.10"]

1. d4 Nf6 2. c4 g6 3. Nc3 Bg7 4. e4 d6 5. f3 O-O 6. Be3 Nc6 7. Nge2 a6 8. Nc1
e5 9. d5 Nd4 10. Nb3 Nxb3 11. Qxb3 Nd7 12. O-O-O f5 13. exf5 gxf5 14. g3 Qe7
15. Bd3 b5 16. cxb5 axb5 17. Rhe1 Ba6 18. Qb4 Nc5 19. Bc2 Na4 20. Kb1 Qf7 21.
Ne2 Rfb8 22. g4 Bc8 23. Rg1 f4 24. Bf2 c5 25. dxc6 Be6 26. Qe4 Bxa2+ 27. Kc1 d5
28. Qxh7+ Kf8 29. Nc3 d4 30. c7 Rb7 31. Nxa2 Rxc7 32. Nb4 Nxb2 33. Qf5 Qxf5 34.
gxf5 Nxd1 35. Rxd1 Ra3 36. Nd3 Ra2 37. Nb4 Raxc2+ 38. Nxc2 Rc3 39. Kd2 Rxf3 40.
Bxd4 exd4 41. Ke2 Rh3 42. Nxd4 Be5 43. Nxb5 Rxh2+ 44. Kf3 1/2-1/2

[Event "MCR_CF10"]
[Site "?"]
[Date "2006.??.??"]
[Round "?"]
[White "Cvak, Rudolf"]
[Black "Jurci, Peter"]
[Result "1-0"]
[WhiteElo "2140"]
[BlackElo "2106"]
[PlyCount "99"]
[EventDate "2006.??.??"]
[EventType "corr"]
[EventRounds "2"]
[SourceDate "2006.08.10"]

1. e4 e6 2. d4 d5 3. e5 c5 4. Nc3 cxd4 5. Nb5 Nc6 6. Nf3 Bc5 7. a3 a6 8. b4
axb5 9. bxc5 Nge7 10. Rb1 Qa5+ 11. Bd2 Qxa3 12. Bd3 b4 13. O-O Qa5 14. Re1 Qxc5
15. Ng5 Ng6 16. f4 h5 17. Kh1 Bd7 18. Qe2 Ra2 19. f5 Nf8 20. Qf3 exf5 21. Bxf5
Ne6 22. Nxf7 Kxf7 23. Bxe6+ Kxe6 24. Rf1 Nxe5 25. Qg3 Rf8 26. Qxg7 Qe7 27.
Qxe7+ Kxe7 28. Bxb4+ Ke6 29. Rxf8 Rxc2 30. Rbf1 Nc6 31. Re1+ Ne5 32. Ref1 Bb5
33. R1f6+ Kd7 34. h3 Rc6 35. Rf5 Re6 36. Rg5 Bc4 37. Bc5 d3 38. Rg7+ Kc6 39.
Rc8+ Kb5 40. Rxb7+ Ka4 41. Rcb8 Bb5 42. Rxb5 Nc6 43. R8b6 d2 44. Rb1 Re1+ 45.
Kh2 Rxb1 46. Rxb1 Ne5 47. Bd4 Nc4 48. g4 hxg4 49. hxg4 Na3 50. Rd1 1-0

[Event "MCR_CF10"]
[Site "?"]
[Date "2006.??.??"]
[Round "?"]
[White "Sindelar, Frantisek"]
[Black "Celbr, Rudolf"]
[Result "1/2-1/2"]
[WhiteElo "2068"]
[BlackElo "2090"]
[PlyCount "87"]
[EventDate "2006.??.??"]
[EventType "corr"]
[EventRounds "2"]
[SourceDate "2006.08.10"]

1. d4 Nf6 2. c4 e6 3. Nf3 b6 4. Bg5 Bb7 5. Nc3 Bb4 6. Qb3 a5 7. e3 h6 8. Bxf6
Qxf6 9. Be2 d6 10. O-O Bxc3 11. Qxc3 Nd7 12. Nd2 e5 13. Bf3 Bxf3 14. Nxf3 O-O
15. Rae1 Qf5 16. e4 Qe6 17. b3 Rae8 18. d5 Qg4 19. h3 Qh5 20. Re3 f5 21. Nd2 f4
22. Ree1 Rf6 23. Qf3 Qxf3 24. Nxf3 g5 25. g4 Nc5 26. Re2 Re7 27. Rb1 Kh8 28.
Kg2 Rg6 29. a3 Rg8 30. b4 Nd7 31. bxa5 bxa5 32. Rb5 a4 33. Ne1 Nc5 34. f3 Kg7
35. Rd2 Ree8 36. Nd3 Nb3 37. Rb2 Rb8 38. Nb4 Nd4 39. Ra5 Ra8 40. Rxa8 Rxa8 41.
Na2 Nb3 42. Nc3 Nc5 43. h4 Kf6 44. h5 1/2-1/2

[Event "MCR_CF10"]
[Site "?"]
[Date "2006.??.??"]
[Round "?"]
[White "Mazal, Petr"]
[Black "Kudr, Roman"]
[Result "1-0"]
[WhiteElo "2074"]
[BlackElo "2163"]
[PlyCount "65"]
[EventDate "2006.??.??"]
[EventType "corr"]
[EventRounds "2"]
[SourceDate "2006.08.10"]

1. e4 c6 2. d4 d5 3. Nd2 dxe4 4. Nxe4 Nd7 5. Bc4 Ngf6 6. Ng5 e6 7. Qe2 Nb6 8.
Bd3 h6 9. N5f3 c5 10. dxc5 Bxc5 11. Ne5 Nbd7 12. Ngf3 Qc7 13. O-O O-O 14. Bf4
Nh5 15. Bd2 Bd6 16. Nc4 Nf4 17. Bxf4 Bxf4 18. g3 Bd6 19. Nxd6 Qxd6 20. Rad1 Qb6
21. c3 Nf6 22. Ne5 Bd7 23. Rd2 Rad8 24. Rfd1 Qc7 25. f4 Ba4 26. b3 Bd7 27. c4
Bc8 28. Qe3 b6 29. b4 Bb7 30. g4 h5 31. gxh5 a5 32. Qg3 Kh8 33. Qg5 1-0

[Event "MCR_CF10"]
[Site "?"]
[Date "2006.??.??"]
[Round "?"]
[White "Mazal, Petr"]
[Black "Sindelar, Frantisek"]
[Result "1-0"]
[WhiteElo "2074"]
[BlackElo "2068"]
[PlyCount "53"]
[EventDate "2006.??.??"]
[EventType "corr"]
[EventRounds "2"]
[SourceDate "2006.08.10"]

1. e4 e6 2. d4 d5 3. Nd2 c5 4. Ngf3 Nc6 5. exd5 exd5 6. Bb5 cxd4 7. Nxd4 Qe7+
8. Qe2 Qxe2+ 9. Kxe2 Bd7 10. N2b3 Bd6 11. Re1 Nge7 12. Be3 O-O 13. Nxc6 bxc6
14. Bc5 Bxc5 15. Nxc5 cxb5 16. Nxd7 Rfe8 17. Kd3 Rac8 18. b4 Ng6 19. Rxe8+ Rxe8
20. a4 bxa4 21. Rxa4 Re7 22. Nb8 Nf4+ 23. Kd2 Re2+ 24. Kc3 Rxf2 25. Rxa7 d4+
26. Kxd4 Rxc2 27. b5 1-0

[Event "MCR_CF10"]
[Site "?"]
[Date "2006.??.??"]
[Round "?"]
[White "Cvak, Rudolf"]
[Black "Mazal, Petr"]
[Result "1/2-1/2"]
[WhiteElo "2140"]
[BlackElo "2074"]
[PlyCount "85"]
[EventDate "2006.??.??"]
[EventType "corr"]
[EventRounds "2"]
[SourceDate "2006.08.10"]

1. e4 e5 2. Nf3 Nc6 3. Bb5 a6 4. Ba4 Nf6 5. d4 Be7 6. d5 Na5 7. c3 b5 8. Bc2 d6
9. a4 Bd7 10. O-O O-O 11. Qe2 c5 12. b4 Nb7 13. Be3 Qc7 14. Na3 bxa4 15. Rfb1
Ng4 16. Bd2 Rfb8 17. b5 axb5 18. Nxb5 Bxb5 19. Rxb5 c4 20. h3 Nf6 21. Be3 a3
22. Nd2 Nc5 23. Rxb8+ Qxb8 24. Qxc4 Nfd7 25. Ra2 Qd8 26. Nf3 Qc8 27. Qb5 h6 28.
Bc1 Rb8 29. Qf1 Nb3 30. Rxa3 Nxc1 31. Qxc1 Bd8 32. Ne1 Nf6 33. Bd3 Bb6 34. Ra4
Nd7 35. Ba6 Qf8 36. Nd3 f5 37. Qe1 fxe4 38. Rxe4 Qf7 39. Rb4 Rf8 40. Qe2 Qf5
41. Bb5 Nc5 42. Nxc5 Bxc5 43. Rb2 1/2-1/2

[Event "MCR_CF10"]
[Site "?"]
[Date "2006.??.??"]
[Round "?"]
[White "Mazal, Petr"]
[Black "Jurci, Peter"]
[Result "0-1"]
[WhiteElo "2074"]
[BlackElo "2054"]
[PlyCount "64"]
[EventDate "2006.??.??"]
[EventType "corr"]
[EventRounds "2"]
[SourceDate "2006.08.10"]

1. e4 e6 2. d4 d5 3. Nc3 Bb4 4. e5 c5 5. a3 Bxc3+ 6. bxc3 Ne7 7. a4 Qa5 8. Bd2
Nbc6 9. Nf3 Bd7 10. g3 Qc7 11. Bd3 c4 12. Be2 f6 13. exf6 gxf6 14. Rb1 O-O-O
15. O-O Ng6 16. Bh6 Rhg8 17. Re1 Nce7 18. a5 Nf5 19. Qd2 Nxh6 20. Qxh6 Qxa5 21.
Qe3 Qc7 22. Nd2 Ne7 23. Bf1 Nf5 24. Bg2 Nxe3 25. Rxe3 Qd6 26. Ra1 Kb8 27. Ree1
h5 28. Nf3 Be8 29. Ra2 Bg6 30. Nh4 Rg7 31. Rea1 a6 32. Rb1 Rdg8 0-1

[Event "MCR_CF10"]
[Site "?"]
[Date "2006.??.??"]
[Round "?"]
[White "Kudr, Roman"]
[Black "Celbr, Rudolf"]
[Result "1/2-1/2"]
[WhiteElo "2163"]
[BlackElo "2090"]
[PlyCount "86"]
[EventDate "2006.??.??"]
[EventType "corr"]
[EventRounds "2"]
[SourceDate "2006.08.10"]

1. d4 Nf6 2. c4 e6 3. Nc3 Bb4 4. Qc2 O-O 5. a3 Bxc3+ 6. Qxc3 b6 7. Bg5 Bb7 8.
Nh3 h6 9. Bh4 d5 10. cxd5 exd5 11. e3 c5 12. dxc5 d4 13. Qxd4 Qxd4 14. exd4
Re8+ 15. Kd1 g5 16. Bg3 Nc6 17. d5 Rad8 18. d6 Ne4 19. b4 bxc5 20. bxc5 Nxc5
21. f3 Ne5 22. Kc2 Rxd6 23. Bb5 Rc8 24. Bxe5 Ne6+ 25. Bc3 Nd4+ 26. Kb2 Nxb5 27.
Bb4 Rb6 28. Rac1 Nd4 29. Rhd1 Nc6 30. Ka1 Nxb4 31. Rxc8+ Bxc8 32. Rd8+ Kg7 33.
Rxc8 Nd5 34. Ka2 Ne3 35. g4 Rd6 36. Rc3 Rd2+ 37. Kb3 Nf1 38. f4 Rg2 39. fxg5
hxg5 40. Rc2 Rxc2 41. Kxc2 Kg6 42. Kd3 Nxh2 43. Nf2 f5 1/2-1/2

[Event "MCR_CF10"]
[Site "?"]
[Date "2006.??.??"]
[Round "?"]
[White "Celbr, Rudolf"]
[Black "Kudr, Roman"]
[Result "1-0"]
[WhiteElo "2074"]
[BlackElo "2163"]
[PlyCount "73"]
[EventDate "2006.??.??"]
[EventType "corr"]
[EventRounds "2"]
[SourceDate "2006.08.10"]

1. c4 Nf6 2. Nc3 e6 3. Nf3 Bb4 4. d4 c5 5. a3 Bxc3+ 6. bxc3 O-O 7. e3 Nc6 8.
Bd3 d6 9. O-O e5 10. Qc2 Re8 11. Ng5 h6 12. Ne4 cxd4 13. Nxf6+ Qxf6 14. cxd4
exd4 15. Bb2 Be6 16. Rad1 d5 17. exd4 Rac8 18. c5 Qf4 19. Bc3 Re7 20. Rfe1 Rce8
21. h3 Qh4 22. Qd2 Qf6 23. Bb1 Bf5 24. Rxe7 Nxe7 25. Ba2 Qg6 26. Kh2 Be4 27. f3
Bf5 28. Re1 Qc6 29. Qf4 Be6 30. Bb4 Qa6 31. Qd2 Qc6 32. Bb3 Rc8 33. Kh1 Qc7 34.
Bc2 Qg3 35. Re2 Rb8 36. Bc3 b6 37. Bb4 1-0

[Event "MCR_CF10"]
[Site "?"]
[Date "2006.??.??"]
[Round "?"]
[White "Kudr, Roman"]
[Black "Mazal, Petr"]
[Result "1/2-1/2"]
[WhiteElo "2163"]
[BlackElo "2074"]
[PlyCount "87"]
[EventDate "2006.??.??"]
[EventType "corr"]
[EventRounds "2"]
[SourceDate "2006.08.10"]

1. d4 d5 2. Nf3 Nc6 3. Bf4 Bg4 4. e3 e6 5. c4 Bb4+ 6. Nc3 Nge7 7. Rc1 O-O 8. a3
Bxc3+ 9. Rxc3 Na5 10. c5 Nac6 11. Be2 a5 12. O-O f6 13. h3 Bh5 14. b3 Qd7 15.
Bh2 Nd8 16. Ne5 fxe5 17. Bxh5 e4 18. Rc1 Nf5 19. Qe2 Nf7 20. Qb2 Qe7 21. Rfe1
c6 22. Qe2 g6 23. Bg4 N5h6 24. f4 Nxg4 25. Qxg4 Nh6 26. Qg5 Qxg5 27. fxg5 Nf7
28. h4 e5 29. dxe5 Rae8 30. Rf1 Nxe5 31. Rxf8+ Kxf8 32. Rf1+ Kg7 33. Bxe5+ Rxe5
34. g4 Re8 35. Kg2 Rc8 36. Rf6 h6 37. h5 gxh5 38. Rxh6 hxg4 39. Kg3 Rf8 40.
Kxg4 Rf3 41. Rh3 Rf1 42. Rh6 Rc1 43. Kf5 Re1 44. Rg6+ 1/2-1/2

[Event "MCR_CF10"]
[Site "?"]
[Date "2006.??.??"]
[Round "?"]
[White "Jurci, Peter"]
[Black "Cvak, Rudolf"]
[Result "0-1"]
[WhiteElo "2054"]
[BlackElo "2140"]
[PlyCount "108"]
[EventDate "2006.??.??"]
[EventType "corr"]
[EventRounds "2"]
[SourceDate "2006.08.10"]

1. d4 Nf6 2. c4 g6 3. Nc3 Bg7 4. e4 d6 5. f3 O-O 6. Be3 Nc6 7. Nge2 a6 8. Qd2
Rb8 9. h4 h5 10. Nc1 e5 11. d5 Nd4 12. Nb3 Nxb3 13. axb3 c5 14. Be2 Bd7 15. Nd1
Qb6 16. Nf2 Qxb3 17. Nd3 Rfc8 18. O-O Be8 19. Ra3 Qb6 20. b4 Nd7 21. bxc5 Nxc5
22. Nxc5 dxc5 23. Bh6 Qb4 24. Ra2 b5 25. Qxb4 cxb4 26. Bxg7 Kxg7 27. cxb5 b3
28. Rb2 Bxb5 29. Kf2 Ba4 30. Ra1 Rb4 31. Bxa6 Rc2+ 32. Rxc2 bxc2 33. Bd3 Bb5
34. Bxc2 Rb2 35. Rc1 Ba4 36. Rb1 Rxc2+ 37. Kg1 Kf8 38. Rb8+ Ke7 39. Rb7+ Bd7
40. Kf1 Rc1+ 41. Kf2 Rh1 42. Kg3 f5 43. Rb6 fxe4 44. fxe4 Re1 45. Rb4 Rf1 46.
Kh2 Kd6 47. Rb6+ Kc5 48. Rxg6 Kd4 49. Rg7 Bg4 50. d6 Rd1 51. Kg3 Kxe4 52. Rg6
Ke3 53. Rg5 e4 54. Rg6 Rd3 0-1

[Event "MCR_CF10"]
[Site "?"]
[Date "2006.??.??"]
[Round "?"]
[White "Sindelar, Frantisek"]
[Black "Goc, Pavel"]
[Result "1/2-1/2"]
[WhiteElo "2068"]
[BlackElo "2106"]
[PlyCount "89"]
[EventDate "2006.??.??"]
[EventType "corr"]
[EventRounds "2"]
[SourceDate "2006.08.10"]

1. d4 Nf6 2. c4 e6 3. Nc3 Bb4 4. Qb3 c5 5. dxc5 Nc6 6. Bg5 h6 7. Bxf6 Qxf6 8.
e3 O-O 9. Nf3 a5 10. a3 Bxc5 11. Ne4 Qe7 12. Nxc5 Qxc5 13. Rd1 d6 14. Qb5 Rd8
15. Qxc5 dxc5 16. Rxd8+ Nxd8 17. Bd3 Kf8 18. Ke2 Ke7 19. Rd1 Bd7 20. Bc2 a4 21.
Ne5 Be8 22. h4 Nc6 23. Nxc6+ Bxc6 24. g4 e5 25. f4 e4 26. h5 Ra6 27. Rd2 Rb6
28. Bd1 Bd7 29. Ke1 Be6 30. g5 Bxc4 31. Bxa4 Bd3 32. Bd1 Rd6 33. Rg2 b5 34.
gxh6 gxh6 35. Rg8 Bc4 36. b3 Be6 37. Bc2 f5 38. Rb8 Bd7 39. Ra8 c4 40. bxc4
bxc4 41. Ra7 Kd8 42. Ra5 Be6 43. Rc5 Ra6 44. a4 Rd6 45. a5 1/2-1/2

[Event "MCR_CF10"]
[Site "?"]
[Date "2006.??.??"]
[Round "?"]
[White "Kudr, Roman"]
[Black "Jurci, Peter"]
[Result "1-0"]
[WhiteElo "2163"]
[BlackElo "2054"]
[PlyCount "73"]
[EventDate "2006.??.??"]
[EventType "corr"]
[EventRounds "2"]
[SourceDate "2006.08.10"]

1. d4 Nf6 2. c4 g6 3. Nc3 Bg7 4. e4 d6 5. f3 O-O 6. Be3 e5 7. d5 c6 8. Bd3 cxd5
9. cxd5 Nh5 10. Nge2 f5 11. exf5 gxf5 12. O-O Nd7 13. Rc1 Nc5 14. Bb1 a5 15.
Bxc5 dxc5 16. d6 Be6 17. Nb5 Bh6 18. Nc7 Bxc1 19. Nxe6 Be3+ 20. Kh1 Qd7 21.
Nxf8 Kxf8 22. g4 Ng7 23. Qd5 Re8 24. Rd1 Bd4 25. Nxd4 cxd4 26. Bxf5 Nxf5 27.
gxf5 Qf7 28. Qe4 Qd7 29. Rg1 Qxd6 30. Qxb7 Re7 31. Qc8+ Re8 32. Qc4 e4 33. f6
Qxf6 34. Rg8+ Ke7 35. Qc7+ Ke6 36. Rxe8+ Kf5 37. Qxh7+ 1-0

[Event "MCR_CF10"]
[Site "?"]
[Date "2006.??.??"]
[Round "?"]
[White "Jurci, Peter"]
[Black "Kudr, Roman"]
[Result "0-1"]
[WhiteElo "2054"]
[BlackElo "2163"]
[PlyCount "78"]
[EventDate "2006.??.??"]
[EventType "corr"]
[EventRounds "2"]
[SourceDate "2006.08.10"]

1. d4 d5 2. c4 c6 3. Nf3 Nf6 4. Nc3 e6 5. e3 Nbd7 6. Bd3 dxc4 7. Bxc4 b5 8. Bd3
a6 9. e4 c5 10. d5 c4 11. dxe6 fxe6 12. Bc2 Qc7 13. O-O Bd6 14. Nd4 Nb6 15. Kh1
Bc5 16. f4 O-O 17. e5 Nfd5 18. Ne4 g6 19. Nxc5 Qxc5 20. Be4 Bd7 21. g4 Rad8 22.
Nc2 c3 23. b3 Bc6 24. Qf3 Nd7 25. Qg2 Nxe5 26. fxe5 Rxf1+ 27. Qxf1 Nb4 28. Be3
Bxe4+ 29. Kg1 Qxe5 30. Nxb4 a5 31. Rd1 Rf8 32. Qe1 axb4 33. Bh6 Qc5+ 34. Be3
Qe5 35. Bh6 c2 36. Rc1 Qd4+ 37. Be3 Qd5 38. Qe2 Bd3 39. Qg2 Rf3 0-1